| 000 | 00571nam a2200217Ia 4500 | ||
|---|---|---|---|
| 008 | 180523s9999 xx 000 0 und d | ||
| 020 | _a81-7992-151-4 | ||
| 050 | _aMAIN HF 5429 | ||
| 050 | _b.V43 2003 c.1 | ||
| 100 | _aVedamani, Gibson G. | ||
| 245 | 0 | _aRetail management : | |
| 245 | 0 | _bfunctional principles & practices / | |
| 245 | 0 | _cGibson G. Vendamani. | |
| 260 | _aNew Delhi : | ||
| 260 | _bJaico Publishing, | ||
| 260 | _c2003 | ||
| 300 | _a248 pages : | ||
| 300 | _c25 cm. | ||
| 500 | _aIncludes index. | ||
| 650 | _aRetail trade -- Management. | ||
| 999 |
_c357098 _d357098 |
||